Nemecko-slovenský slovník
Salvato in:
| Autore principale: | |
|---|---|
| Natura: | Libro |
| Lingua: | tedesco slovacco |
| Pubblicazione: |
Bratislava
Ľudotypis
1952
|
| Tags: |
Nessun Tag, puoi essere il primo ad aggiungerne!!
|
MARC
| LEADER | 00000nam a2200000 4500 | ||
|---|---|---|---|
| 001 | c123446 | ||
| 005 | 20150325110638.1 | ||
| 041 | 0 | |a ger | |
| 041 | 0 | |a slo | |
| 044 | |a SK | ||
| 245 | 1 | 0 | |a Nemecko-slovenský slovník |c Ján Schultz |
| 264 | 1 | |a Bratislava |b Ľudotypis |c 1952 | |
| 100 | 1 | |a Schultz, Ján | |